Chronicles / (Record no. 372)

MARC details
000 -LEADER
fixed length control field 00925cam a2200289 a 4500
001 - CONTROL NUMBER
control field 13840636
005 - DATE AND TIME OF LATEST TRANSACTION
control field 20200421093827.0
008 - FIXED-LENGTH DATA ELEMENTS--GENERAL INFORMATION
fixed length control field 021025m20049999enk 000 0aeng
010 ## - LIBRARY OF CONGRESS CONTROL NUMBER
LC control number 2005560717
Canceled/invalid LC control number 2005412024
015 ## - NATIONAL BIBLIOGRAPHY NUMBER
National bibliography number GBA2-U2189
020 ## - INTERNATIONAL STANDARD BOOK NUMBER
International Standard Book Number 0743230760 (v. 1)
035 ## - SYSTEM CONTROL NUMBER
System control number (OCoLC)ocm50935422
040 ## - CATALOGING SOURCE
Original cataloging agency UKM
Transcribing agency UKM
Modifying agency OCLCQ
-- DLC
042 ## - AUTHENTICATION CODE
Authentication code lccopycat
043 ## - GEOGRAPHIC AREA CODE
Geographic area code n-us---
050 00 - LIBRARY OF CONGRESS CALL NUMBER
Classification number ML420.D98
Item number A3 2004c
082 00 - DEWEY DECIMAL CLASSIFICATION NUMBER
Classification number 782.42164/092
-- B
Edition information 22
100 1# - MAIN ENTRY--PERSONAL NAME
Personal name Dylan, Bob,
Dates associated with a name 1941-
245 10 - TITLE STATEMENT
Title Chronicles /
Statement of responsibility, etc. Bob Dylan.
260 ## - PUBLICATION, DISTRIBUTION, ETC.
Place of publication, distribution, etc. London ;
-- New York :
Name of publisher, distributor, etc. Simon & Schuster,
Date of publication, distribution, etc. 2004-
300 ## - PHYSICAL DESCRIPTION
Extent v. <1> ;
Dimensions 23 cm.
600 10 - SUBJECT ADDED ENTRY--PERSONAL NAME
Personal name Dylan, Bob,
Dates associated with a name 1941-
650 #0 - SUBJECT ADDED ENTRY--TOPICAL TERM
Topical term or geographic name entry element Singers
Geographic subdivision United States
Form subdivision Biography.
906 ## - LOCAL DATA ELEMENT F, LDF (RLIN)
a 7
b cbc
c copycat
d 3
e ncip
f 20
g y-gencatlg
942 ## - ADDED ENTRY ELEMENTS (KOHA)
Source of classification or shelving scheme Dewey Decimal Classification
Koha item type Books
Holdings
Withdrawn status Lost status Damaged status Not for loan Collection Home library Current library Shelving location Date acquired Barcode Date last seen Price effective from Koha item type
        Reference Centerville Centerville General stacks 09/04/2014 39999000016314 09/04/2014 09/04/2014 Books
        Reference Centerville Centerville General stacks 09/04/2014 39999000016352 09/04/2014 09/04/2014 Books
        Reference Fairview Fairview General stacks 09/04/2014 39999000016338 09/04/2014 09/04/2014 Books